| 000 | 00784nam a2200217 a 4500 | ||
|---|---|---|---|
| 001 | 000035622 | ||
| 005 | 20200930074459.0 | ||
| 008 | 111105s2010 bl 000 0 spa d | ||
| 020 | _a9788576171911 | ||
| 040 |
_aDO-SdBNP _bspa _cBNPHU |
||
| 082 |
_a928.69 _bO48c |
||
| 100 | 1 |
_aOliveria Neto, Godofredo de, _d1951- _961526 |
|
| 245 | 1 | 0 |
_aCruz e Sousa : _bo poeta alforriado / _cGodofredo de Oliveira Neto. |
| 260 |
_aRio de Janeiro : _bMinisterio da Cultura, Fundação Biblioteca Nacional : _bGaramon, _c2010. |
||
| 300 |
_a158 p. ; _c21 cm. |
||
| 490 | 1 | _aPersonalidades negras | |
| 600 | 1 | 4 |
_aSOUZA, CRUZ E, _d1861-1898 _961527 |
| 650 | 4 |
_aAutores brasileños _ySIGLO XIX _xBiografías _961528 |
|
| 830 | 0 |
_aPersonalidades negras _959292 |
|
| 910 | _aValidado. Control de calidad MFF | ||
| 999 |
_c35113 _d35113 |
||